MUSIKCHARTS: Deutsche TOP-100-Jahrescharts 1991 - Statistiken

Allgemein
  • Dieses Quiz wurde 90 mal gespielt
    59 seit der letzten Aktualisierung
  • Das Durchschnittsergebnis liegt bei 26 aus 100
Antwortstatistiken
Platz Interpret Lied % Korrekt
1 Scorpions Wind Of Change
96%
74 Scorpions Send Me An Angel
96%
49 AC/DC Thunderstruck
85%
2 Bryan Adams (Everything I Do) I Do It For You
78%
4 Roxette Joyride
72%
24 Roxette Fading Like A Flower (Every Time You Leave)
72%
96 Roxette The Big L.
72%
7 Vanilla Ice Ice Ice Baby
69%
77 Metallica Enter Sandman
67%
99 Westernhagen Freiheit [Live]
61%
6 Torfrock Beinhart
56%
8 Cher The Shoop Shoop Song (It's In His Kiss)
50%
82 Cher Love And Understanding
50%
31 The Clash Should I Stay Or Should I Go
50%
37 R.E.M. Shiny Happy People
48%
66 Madonna Justify My Love
44%
33 Achim Reichel Aloha heja he
43%
39 Chris Isaak Wicked Game
41%
93 Chris Isaak Blue Hotel
41%
79 Hape Kerkeling Das ganze Leben ist ein Quiz
41%
10 Diether Krebs Ich bin der Martin, ne...?! (Martin My Love)
35%
3 Enigma Sadeness Part I
35%
69 Enigma Mea Culpa Part II
35%
60 Queen Innuendo
35%
70 Udo Lindenberg Ein Herz kann man nicht reparieren
35%
22 Dr. Alban No Coke
33%
15 Dr. Alban feat. Leila K. Hello Afrika
33%
75 Pe Werner Kribbeln im Bauch
33%
50 Salt-N-Pepa Let's Talk About Sex!
33%
54 Steve Miller Band The Joker
33%
35 Snap! Mary Had A Little Boy
31%
44 Extreme More Than Words
28%
16 Rod Stewart Rhythm Of My Heart
28%
43 EMF Unbelievable
26%
19 Londonbeat I've Been Thinking About You
26%
56 Londonbeat A Better Love
26%
18 OMD (Orchestral Manoeuvres In The Dark) Sailing On The Seven Seas
26%
67 OMD (Orchestral Manoeuvres In The Dark) Pandora's Box
26%
46 Paula Abdul Rush Rush
26%
13 Seal Crazy
26%
76 Seal Future Love Paradise
26%
9 Zucchero & Paul Young Senza una donna (Without A Woman)
26%
63 Bette Midler From A Distance
24%
27 Guns N' Roses You Could Be Mine
24%
78 Dire Straits Calling Elvis
22%
57 Pet Shop Boys Where The Streets Have No Name (I Can't Take My Eyes Off You)
22%
91 Pet Shop Boys Being Boring
22%
20 The KLF 3 A.M. Eternal
22%
28 The KLF Last Train To Trancentral
22%
5 Kate Yanai Bacardi Feeling (Summer Dreamin')
20%
68 Matthias Reim Ich hab' mich so auf dich gefreut
20%
48 Robert Palmer and UB40 I'll Be Your Baby Tonight
20%
51 Vaya Con Dios Nah Neh Nah
20%
11 C & C Music Factory feat. Freedom Williams Gonna Make You Sweat (Everybody Dance Now)
19%
95 Mike & The Mechanics Word Of Mouth
19%
21 Milli Vanilli Keep On Running
19%
100 Prince And The New Power Generation Gett Off
19%
42 The Simpsons Do The Bartman
19%
34 Chesney Hawkes The One And Only
17%
65 Chris Rea Auberge
17%
53 David Hasselhoff Do The Limbo Dance
17%
90 Rod Stewart with The Temptations The Motown Song
17%
47 The Righteous Brothers Unchained Melody
17%
83 Massive Attack Unfinished Sympathy
15%
30 Stevie B. Because I Love You (The Postman Song)
15%
40 Timmy T One More Try
15%
12 Bee Gees Secret Love
13%
41 De La Soul Ring Ring Ring (Ha Ha Hey)
13%
86 Marc Cohn Walking In Memphis
13%
26 The Farm All Together Now
13%
25 The Rembrandts Just The Way It Is, Baby
13%
72 Whitney Houston I'm Your Baby Tonight
13%
97 Maria McKee Show Me Heaven
11%
55 MC Hammer Pray
9%
64 PM Dawn Set Adrift On Memory Bliss
9%
80 Sting All This Time
9%
23 Color Me Badd I Wanna Sex You Up
7%
14 Crystal Waters Gypsy Woman (La Da Dee La Da Da)
7%
84 DJ Jazzy Jeff & The Fresh Prince Summertime
7%
98 Dream Warriors My Definition Of A Boombastic Jazz Style
7%
73 Gipsy Kings Baila me
7%
38 Jimmy Somerville To Love Somebody
7%
85 Monie Love feat. True Image It's A Shame (My Sister)
7%
59 Rick Astley Cry For Help
7%
81 Simple Minds Let There Be Love
7%
17 Jesus Loves You Bow Down Mister
6%
62 Black Box Fantasy
4%
58 Dimples D Sucker DJ (A Witch For Love)
4%
45 Amy Grant Baby Baby
2%
29 Heavy D & The Boyz Now That We Found Love
2%
32 Kim Appleby Don't Worry
2%
94 Kim Appleby G.L.A.D.
2%
71 Nomad feat. MC Mikee Freedom (I Wanna Give You) Devotion
2%
88 P.M. Sampson How I Miss You So
2%
52 Time To Time 10 kleine Negerlein
2%
87 Banderas This Is Your Life
0%
92 Incognito feat. Jocelyn Brown Always There
0%
36 Joey B. Ellis & Tynetta Hare Go For It! (Heart And Fire)
0%
61 Karl Keaton Love's Burn
0%
89 Stefan Waggershausen & Viktor Lazlo Jesse (Douce et innocente)
0%
Keine übereinstimmenden Quizze gefunden
Verteilung der Resultate
Anzahl Personen mit jedem Resultat
Perzentil nach korrekt beantworteten Fragen
Ihre Resultats-Entwicklung
Sie haben dieses Quiz seit der letzten Aktualisierung nicht gespielt